000 00583nam a2200193 a 4500
001 000004408
005 20200929151434.0
008 090722s2005 dr c 001 spa d
020 _a999347777X
040 _aDO-SdBNP
_bspa
_cBNPHU
082 _a100
_bR789f
100 1 _aRosario Jimenez, Jose
_9526
245 1 0 _aFilósofos y temas de la historia /
_cJosé Rosario Jiménz.
260 _aSanto Domingo, :
_bUniversitaria,
_c2005.
300 _a277 p. :
_bretr.
500 _aIncluye datos biográficos
590 _aUn ejemplar autografiado
650 4 _aFilósofos
_xHistoria
_912965
999 _c4217
_d4217